|
|
|
|
| LEADER |
00888nam a2200229 a 4500 |
| 001 |
26922 |
| 008 |
130425r19971956enk b 001 0 eng d |
| 010 |
|
|
|a 92191423
|
| 020 |
|
|
|a 041507553X
|
| 040 |
|
|
|a DLC
|c DLC
|d DLC
|d BD-DhAAL
|
| 082 |
0 |
0 |
|a 306
|2 20
|
| 100 |
1 |
|
|a Mannheim, Karl,
|d 1893-1947.
|
| 245 |
1 |
0 |
|a Essays on the sociology of culture :
|b collected works volume seven /
|c by Karl Mannheim.
|
| 260 |
|
|
|a London ;
|a New York :
|b Routledge,
|c 1956 [reprinted 1997].
|
| 300 |
|
|
|a vii, 253 p. ;
|c 23 cm.
|
| 490 |
|
0 |
|a Routledge sociology classics
|
| 504 |
|
|
|a Includes bibliographical references and indexes.
|
| 541 |
1 |
|
|e 26922
|
| 650 |
|
0 |
|a Culture.
|
| 852 |
1 |
|
|a Ayesha Abed Library
|j General Shelf.
|
| 999 |
|
|
|c 13400
|d 13400
|
| 952 |
|
|
|0 0
|1 0
|2 ddc
|4 0
|6 306_000000000000000_MAN
|7 0
|9 22336
|a IGS
|b IGS
|c GEN
|d 2012-04-22
|e Prothoma
|g 5980.00
|l 1
|o 306 MAN
|p 3010026922
|r 2013-05-15
|s 2013-05-15
|t 1
|w 2012-04-22
|y BK
|